Same but Different Name Quiz Stats

 Plays Quiz Updated Dec 13, 2018

Support Sporcle.
Go Orange.
Score 0/14 Timer 03:00
0 Plays Today
What's the difference between: Difference % Correct
The original Protestant and a civil rights hero?King
90.8%
America's second and sixth presidents?Quincy
75.8%
America's first president and a peanut polymath?Carver
73.9%
One of Pamela Anderson's husbands and Agent K?Jones
57.2%
An epic poet and an alcoholic safety advisor for a nuclear plant?Simpson
54.7%
A comedian/telethon magnate and the singer of Great Balls of Fire?Lee
52.4%
A Carthaginian commander and a man-eating psychiatrist?Lecter
51.4%
What's the difference between: Difference % Correct
America's forty-third and forty-first presidents?Herbert
51.3%
The star of True Grit and a clown serial killer?Gacy
31.8%
The author of 'From Here to Eternity' and Mufasa?Earl
24.3%
Michael Jackson's nonlover and the victor in the Battle of the Sexes?King
23.6%
Two of the four most recent popes and a former US Supreme Court Justice?Stevens
14%
A postmodern musician and a teary-eyed conservative pundit?Glenn
11.1%
An electronica DJ and his pale cetacean namesake?Dick
10.9%

From the Vault

Hunger Games Characters by Picture

by sproutcm

Movies 5m
These people weren't picked at the Reaping, they actually chose to participate in the Hunger Games. How crazy is that!
Remove Ads.
Support Sporcle.
Get the best of Sporcle when you Go Orange. This ad-free experience offers more features, more stats, and more fun while also helping to support Sporcle. Thank you for becoming a member.

Show Comments

Extras

Top Quizzes Today


Score Distribution

Your Account Isn't Verified!

In order to create a playlist on Sporcle, you need to verify the email address you used during registration. Go to your Sporcle Settings to finish the process.

Report this User

Report this user for behavior that violates our Community Guidelines.

Details: